• 首页
  • 本馆介绍
  • 公告通知
  • 最新文献
  • 馆藏检索
  • 电子资源
  • 读者导购
  • 参考咨询
  • 我的图书馆
  • 登录
  • 详细信息显示
  • 放入我的书架
  • 预约/预借图书
  • 作者相关作品
  • 分类相关作品
  • 丛书相关作品
  • 出版社相关作品

书目信息

  • 表格格式
  • 工作单格式
  • 卡片格式
题名:
恩格斯传
    
 
作者: 海因里希·格姆科夫 著 ;易廷镇 , 侯焕良 译
分册:  
出版信息: 北京   三联书店  1980
页数: 591页
开本: 20cm
丛书名:
单 册:
中图分类: A721
科图分类:
主题词: 恩格斯--生平事迹 , 恩格斯--传记
电子资源:
ISBN:
000 00708nam0 2200253 45
001 1233080327
005 20121003091233.96
010    @dCNY1.65
100    @a19960215d1980 em y0chiy0121 ea
101 0  @achi
102    @aCN@b110000
105    @ay z 000yy
200 10 @a恩格斯传@Aen ge si zhuan@f海因里希·格姆科夫等著@g易廷镇、侯焕良译
210    @a北京@c三联书店@d1980
215    @a591页@d20cm
600  1 @a恩格斯@bF.@x传记
606 0  @a恩格斯@x生平事迹
606 0  @a恩格斯@x传记
690    @aA721@v4
701  1 @a海因里希·格姆科夫@Ahai yin li xi ge mu ke fu@4著
702  0 @a易廷镇@Ayi ting zhen@4译
702  0 @a侯焕良@Ahou huan liang@4译
801  0 @aCN@bTSSF
905    @a10447@dA721@eJY2
    
    恩格斯传/海因里希·格姆科夫等著/易廷镇、侯焕良译.-北京:三联书店,1980
    591页;20cm
    
    
    ISBN :CNY1.65
    
●
相关链接 在E读中查询图书 在五车中查询图书 在当当中查询图书 在豆瓣中查询图书


正题名:恩格斯传     索取号:A721/JY2         预约/预借

序号 登录号 条形码 馆藏地/架位号 状态 备注
1 7800427   278004277   学院路分馆/ [索取号:A721/JY2] 在馆    
2 7800428   278004286   学院路分馆/ [索取号:A721/JY2] 在馆    
3 7800429   278004295   学院路分馆/ [索取号:A721/JY2] 在馆    
唐山师范学院图书馆 欢迎您!
大连网信软件有限公司© 版权所有